| 000 | 00595nam a22001577a 4500 | ||
|---|---|---|---|
| 003 | OSt | ||
| 005 | 20151130140541.0 | ||
| 008 | 151130b xxu||||| |||| 00| 0 eng d | ||
| 040 | _cRUA | ||
| 082 | _aFIS MEN 1996 B163 Or.1 | ||
| 100 |
_94024 _aMENG, BUNNARITH. |
||
| 245 | _aFishing experiment and lomnology in tonle sap lake, siem reap province, ការនេសាទពិសោធន៏ និងលីមណូវិទ្យា"បឹងទន្លេសាប ខេត្តសៀបរាប" | ||
| 260 |
_aPhnom Penh _bRUA _c1996 |
||
| 300 |
_a98p. _bill. _c29cm. |
||
| 942 |
_2ddc _cFIS |
||
| 999 |
_c3743 _d3743 |
||